Nevyhnutnosť reformy sociálneho poistenia v Slovenskej republike
Analýza faktorov vedúcich k nevyhnutnosti sociálnej reformy. Základné riziká systému sociálneho poistenia. Princípy reformy sociálneho poistenia. Krízové opatrenia prechodu. Diverzifikácia systému sociálneho zabezpečenia. Diverzifikácia zdrojov v sociálnom poistení. Reforma dávkového systému. Úloha...
Salvato in:
| Autore principale: | |
|---|---|
| Natura: | Capitolo di libro |
| Lingua: | slovacco |
| Soggetti: | |
| Tags: |
Nessun Tag, puoi essere il primo ad aggiungerne!!
|
MARC
| LEADER | 00000naa a2200000 4500 | ||
|---|---|---|---|
| 001 | r035973 | ||
| 005 | 20230807090644.8 | ||
| 041 | 0 | |a slo | |
| 044 | |a SK | ||
| 245 | 1 | 0 | |a Nevyhnutnosť reformy sociálneho poistenia v Slovenskej republike |c Michal Szabo |
| 520 | |a Analýza faktorov vedúcich k nevyhnutnosti sociálnej reformy. Základné riziká systému sociálneho poistenia. Princípy reformy sociálneho poistenia. Krízové opatrenia prechodu. Diverzifikácia systému sociálneho zabezpečenia. Diverzifikácia zdrojov v sociálnom poistení. Reforma dávkového systému. Úloha štátu v systéme sociálneho poistenia. | ||
| 610 | 2 | 0 | |a poistenie sociálne |
| 610 | 2 | 0 | |a reformy sociálne |
| 610 | 2 | 0 | |a zabezpečenie dôchodkové |
| 610 | 2 | 0 | |a zabezpečenie sociálne |
| 610 | 2 | 0 | |a poistenie nemocenské |
| 610 | 2 | 0 | |a dávky sociálne |
| 610 | 2 | 0 | |a štát |
| 610 | 2 | 0 | |a Slovensko |
| 100 | 1 | |a Szabo, Michal | |